000 00657nam a2200265Ia 4500
003 OSt
005 20221006144149.0
006 a|||||r|||| 00| 0
007 ta
008 221006b |||||||| |||| 00| 0 eng d
020 _c25.00
024 _a11,028
037 _cTextual
040 _aEASL
_cEASL
_beng
041 _2eng
_aeng
082 _aR6947y7, L9
100 _aWALLESER M
245 0 _aLife of Nagarguna from Tibetan and Chinese sources
260 _aDelhi
_bNag Pub
_c1979
300 _a44p.
_ccm.
490 _v Gen
650 _aGen
942 _hR6947y7, L9
_cTEXL
_2CC
999 _c1079114
_d1079114